000 00365 a2200157 4500
001 75077
020 _a9788526016743
040 _cAnchieta - Colégio São Paulo
100 _aJerome, Jerome K
240 1 0 _aTrês Homens e uma Canoa
_lpor
245 1 0 _aTrês Homens e uma Canoa
300 _a77
362 0 _a2012
650 4 _aLiteratura infantil
942 _cBK
999 _c75077
_d75077